Statistics for Random Countries

Click here to take the quiz!

General Stats

  • This quiz has been taken 20 times
  • The average score is 9 of 15

Answer Stats

HintAnswer% Correct
CaribbeanJamaica
91%
North AmericaJamaica
91%
Not South AmericaJamaica
91%
EuropeJamaica
91%
CubaJamaica
91%
San marinoJamaica
91%
JamaicaJamaica
91%
ItalySan Marino
82%
JamaicaVatican City
82%
South AfricaLesotho
36%
USAOIL
36%
HaitiDominican Republic
27%
OilMiddle East
9%
The VaticanSmall
9%
A country on EarthTaiwan
9%

Score Distribution

Percentile by Number Answered

Percent of People with Each Score

Your Score History

You have not taken this quiz